Electrical network theory (Record no. 3489)

MARC details
000 -LEADER
fixed length control field 00600nam a2200193Ia 4500
003 - CONTROL NUMBER IDENTIFIER
control field IN-BaIIA
008 - FIXED-LENGTH DATA ELEMENTS--GENERAL INFORMATION
fixed length control field 211028s9999 xx 000 0 eng d
040 ## - CATALOGING SOURCE
Transcribing agency IIA Library
080 ## - UNIVERSAL DECIMAL CLASSIFICATION NUMBER
Universal Decimal Classification number 621.3.011.7
Item number BAL
100 ## - MAIN ENTRY--PERSONAL NAME
Personal name Balabanian, Norman
9 (RLIN) 6172
245 #0 - TITLE STATEMENT
Title Electrical network theory
Statement of responsibility, etc. Norman Balabanian and Theodore A. Bickart
260 ## - PUBLICATION, DISTRIBUTION, ETC.
Place of publication, distribution, etc. New York
Name of publisher, distributor, etc. Wiley
Date of publication, distribution, etc. 1969
300 ## - PHYSICAL DESCRIPTION
Extent xix, 931p.
650 ## - SUBJECT ADDED ENTRY--TOPICAL TERM
Topical term or geographic name entry element Electrical engineering
9 (RLIN) 1774
650 ## - SUBJECT ADDED ENTRY--TOPICAL TERM
Topical term or geographic name entry element Electrical network
9 (RLIN) 6173
650 ## - SUBJECT ADDED ENTRY--TOPICAL TERM
Topical term or geographic name entry element NASA Thesaurus
700 ## - ADDED ENTRY--PERSONAL NAME
Personal name Bickart, Theodore A.
9 (RLIN) 6174
942 ## - ADDED ENTRY ELEMENTS (KOHA)
Koha item type Books
Holdings
Withdrawn status Lost status Damaged status Not for loan Home library Current library Shelving location Date acquired Cost, normal purchase price Total Checkouts Full call number Barcode Date last seen Cost, replacement price Price effective from Koha item type Purchase Price
        IIA Library-Bangalore IIA Library-Bangalore General Stacks 23/05/1970 143.64   621.3.011.7/ BAL 3887 05/11/2021 143.64 23/05/1970 Books Rs. 143.64

Powered by Koha